000 00651nam a22001817a 4500
008 250307b |||||||| |||| 00| 0 eng d
040 _aKABU
_cKABU
050 _aThe HD69
_b.O59 2019
100 _aOnyango, Lukes
245 _aEfficacy of monitoring and evaluation framework on implementation of development projects:
_ba comparative analysis of Machakos and Embu Counties, Kenya /
_cLukes Onyango
260 _aNakuru, Kenya:
_bKabarak University,
_c2019
300 _axvii, 173p.
500 _aUnpublished PHD Thesis
650 _aMonitoring and evaluation
700 _aGathii, John Kamau
700 _aKoima, Joel Kibiwott
942 _2lcc
_cTHE
999 _c20692
_d20691